=LDR 00000nam 2200000 4500 =001 INLIS000000000053194 =005 20180424073729 =035 ##$$a 0010-0418000085 =007 ta =008 180424###########################0###### =020 ##$$a 979-8433-61-5 =082 ##$$a 658. 1 =084 ##$$a 658. 1 DR. p =100 #$$a Dr. Yayat Hayati Djatmiko =245 1#$$a Perilaku organisasi /$c Dr. Yayat Hayati Djatmiko =250 ##$$a Cet.5 =260 ##$$a Bandung :$b Alfabets,$c 2008 =300 ##$$a 114 hlm : $b Ilus ; $c 24 cm =650 ##$$a Organisasi perilaku =504 ##$$a Bibliografi : hlm. 115-117 =990 ##$$a 71887188 =990 ##$$a 51800022